القاهرة فى الحرب العالمية الثانية 1939 - 1945 / (Record no. 63810)
[ view plain ]
| 000 -الفاتح | |
|---|---|
| حقل البيانات ثابتة الطول | 01074nam a22002537a 4500 |
| 005 - وقت وتاريخ اخر تعامل مع التسجيلة | |
| رقم الضبط | 20240530110700.0 |
| 008 - عناصر البيانات ثابتة الطول - معلومات عامة | |
| حقل البيانات ثابتة الطول | 171225s2015 ua a f b 000 0dara d |
| 017 ## - رقم الايداع القانونى | |
| رقم الايداع القانونى | 2015/8620 |
| المصدر ( الهيئة المختصة) | مصر. دار الكتب |
| 020 ## - الرقم الدولى المعيارى للكتب | |
| الرقم الدولى المعيارى للكتاب | 9789779202396 |
| 040 ## - مصدر الفهرسة | |
| وكالة الفهرسة الأصلية | EG-CaGPL |
| وكالة النسخ | EG-CaGPL |
| 082 04 - رقم تصنيف ديوى العشرى | |
| رقم الطبعة | 21 |
| رقم التصنيف | 962.054 |
| رقم المادة | ق/ك ق |
| 100 1# - المدخل الرئيسى - إسم شخصى | |
| الإسم الشخصى | كوبر ، ارتيميس |
| 245 12 - بيان العنوان | |
| العنوان | القاهرة فى الحرب العالمية الثانية 1939 - 1945 / |
| بيان المسئوليه,etc | تأليف ارتيميس كوبر ؛ ترجمة محمد الخولى . |
| 250 ## - بيان الطبعة | |
| بيان الطبعة | ط.1 |
| 260 ## - PUBLICATION, DISTRIBUTION, ETC. (IMPRINT) | |
| تاريخ النشر أو التوزيع | 2015 . |
| 300 ## - الوصف المادى | |
| التعداد | 428 ص. ؛ |
| أبعاد الوعاء | 24 سم. |
| 490 ## - بيان السلسلة | |
| عنوان السلسلة | المركز القومى للترجمة ؛ |
| رقم المجلد/ التعيين التسلسلي | 2730 |
| 650 07 - المدخل الاضافى بالموضوع-مصطلح موضوعى | |
| مصدر الرأس أو المصطلح | qrmak |
| مصطلح موضوعي | الحرب العالمية الثانية |
| التقسيم الفرعي الجغرافي | مصر |
| 651 ## - المدخل الاضافى بالموضوع - اسم جغرافى | |
| مصدر الرأس أو المصطلح | qrmak |
| الاسم الجغرافي | مصر |
| التقسيم الفرعي العام | تاريخ |
| التقسيم الفرعي الزمني | الحرب العالمية الثانية |
| 651 ## - المدخل الاضافى بالموضوع - اسم جغرافى | |
| مصدر الرأس أو المصطلح | qrmak |
| الاسم الجغرافي | مصر |
| التقسيم الفرعي العام | الاحوال السياسية |
| 700 0# - المدخل الاضافى - اسم شخصى | |
| الإسم الشخصى | محمد الخولى |
| الدور | مترجم |
| 942 ## - عناصر المدخل الإضافي( كوها) | |
| مصدر التصنيف او مخطط الترفيف | Dewey Decimal Classification |
| Koha [default] item type | كتاب |
| 260 ## - PUBLICATION, DISTRIBUTION, ETC. (IMPRINT) | |
| -- | القاهرة : |
| -- | المركز القومى للترجمة ، |
| حالة التراجع | حالة الفقد | حالة تلف | ليس للاعارة | المكان المؤقت | الموقع الحالى | موقع الترفيف | تاريخ الاكتساب | اجمالي اﻻعارات | رقم الطلب | الباركود | تاريخ اخر مشاهدة | تاريخ تفعيل السعر | نوع وعاء كوها |
|---|---|---|---|---|---|---|---|---|---|---|---|---|---|
| مكتبة القاهرة الكبرى | مكتبة القاهرة الكبرى | 12/31/2017 | 962.054 ق/ك ق | 163922 | 12/31/2017 | 12/31/2017 | كتاب |

